000 00238nam a2200097Ia 4500
001 797665
005 20250826170812.0
008 250824s9999 xx 000 0 und d
245 0 _aŞARK IN KANDİLİ
_cALİ EMRE
260 _bKETEBE YAYINLARI
999 _c797665
_d797665